000 00539nam a2200205Ia 4500
005 20140311163057.0
008 140130s9999 xx 000 0 und d
020 _a0439678072
050 _aPZ 7
_b.P924j28 2005
100 _aPreller, James
_96900
245 _cJames Preller
_aThe Case of the food Fight /
260 _bScholastic,
_c2005.
_aU.S.A :
300 _a75 p. :
_bill. ;
_c21 cm.
440 _v1
_aA Jigsaw Jones Mystery
_931276
521 _aG2
526 _c390
942 _cBK
_2lcc
999 _c40222
_d40222